00438nam a2200157Ia 45000010006000000050017000060080041000230410008000640820016000721000023000882450110001112600009002213000034002306500008002646540008002721344320260306164801.0260306t2016||||xx |||||||||||||| ||spa|| aESP a004.16bK21 aKant, KrishnaeAUT 0aMicroprocessors and microcontrollers:barchitecture, programming and system design 8085, 8086, 8051, 8096 c2016 axxiv, 852 páginas :c23 cm. aGEN aCCC